| 000 | 00359 a2200157 4500 | ||
|---|---|---|---|
| 001 | 47548 | ||
| 020 | _a9788537809280 | ||
| 040 | _cAnchieta - Aquarius | ||
| 100 | _aGEHIN, Elisa | ||
| 240 | 1 | 0 |
_aMinhocas comem amendoins _lpor |
| 245 | 1 | 0 | _aMinhocas comem amendoins |
| 300 | _a32p. | ||
| 362 | 0 | _a2013 | |
| 650 | 4 | _aLiteratura infanto-juvenil | |
| 942 | _cBK | ||
| 999 |
_c47548 _d47548 |
||